书目信息 |
| 题名: |
跆拳道
|
|
| 作者: | 刘同为 编著 | |
| 分册: | ||
| 出版信息: | 哈尔滨 黑龙江科学技术出版社 2003.12 |
|
| 页数: | 105页 | |
| 开本: | 21cm | |
| 丛书名: | 休闲·健身·防身系列 | |
| 单 册: | ||
| 中图分类: | G886.9 | |
| 科图分类: | ||
| 主题词: | 跆拳道--基本知识 | |
| 电子资源: | ||
| ISBN: | 7-5388-4305-1 | |
| 000 | 00736nam0 2200241 45 | |
| 001 | 012004011924 | |
| 005 | 20040920165011.0 | |
| 010 | @a7-5388-4305-1@dCNY20.00 | |
| 100 | @a20041021d2003 em y0chiy50 ea | |
| 101 | 0 | @achi |
| 102 | @aCN@b230000 | |
| 105 | @aa z 000yy | |
| 200 | 1 | @a跆拳道@Atai quan dao@f刘同为等编著@Fliu tong wei deng bian zhu |
| 210 | @a哈尔滨@c黑龙江科学技术出版社@d2003.12 | |
| 215 | @a105页@c图表@d21cm | |
| 225 | 2 | @a休闲·健身·防身系列@9Xiu Xian Jian Shen Fang Shen Xi Lie |
| 410 | 0 | @12001 @a休闲·健身·防身系列 |
| 606 | 0 | @a跆拳道@x基本知识 |
| 690 | @aG886.9@v4 | |
| 701 | 0 | @a刘同为@Aliu tong wei@4编著 |
| 801 | 0 | @aCN@bBZT@c20041021 |
| 905 | @aBZT@dG886.9@e1@f6 | |
| 906 | @dCNY20.00@n0@r1 | |
| 跆拳道/刘同为等编著.-哈尔滨:黑龙江科学技术出版社,2003.12 |
| 105页:图表;21cm.-(休闲·健身·防身系列) |
| ISBN 7-5388-4305-1:CNY20.00 |
| ● |
| 相关链接 |
|
|
|
正题名:跆拳道
索取号:G886.9/1
 
预约/预借
| 序号 | 登录号 | 条形码 | 馆藏地/架位号 | 状态 | 备注 |
| 1 | 2001062111 | 2001062111 | 样本书库/样008架A面4层3列/ [索取号:G886.9/1] | 在馆 | |
| 2 | 370705 | 230083338 | 中心书库北库/ 北库026架A面3列2层10/ [索取号:G886.9/1] | 在馆 |